| 000 | 00000nas##2200000za#4500 |
|---|---|
| 001 | 9.514540 |
| 003 | CaOODSP |
| 005 | 20211117134604 |
| 007 | ta |
| 008 | 150406c1993||||xxc|| m #||||f| |0eng|d |
| 040 | |aCaOODSP|beng |
| 043 | |an-cn--- |
| 086 | 1 |aEn105-4E |
| 110 | 1 |aCanada. |bFederal Environmental Assessment Review Office. |
| 245 | 10|aReport of the Canada-Nova Scotia Environmental Assessment Panel |
| 260 | |aOttawa - Ontario : |bEnvironment Canada. |
| 563 | |aSoftcover |
| 775 | 08|tRapport de la commission d'évaluation environnementale Canada--Nouvelle-Écosse |w(CaOODSP)9.512946 |